Normal view
MARC view
Entry Topical Term
001 - CONTROL NUMBER
- control field: 54994
003 - CONTROL NUMBER IDENTIFIER
- control field: OSt
005 - DATE AND TIME OF LATEST TRANSACTION
- control field: 20241010091555.0
008 - FIXED-LENGTH DATA ELEMENTS
- fixed length control field: 241010|| aca||aabn | a|a d
040 ## - CATALOGING SOURCE
- Original cataloging agency: OSt
- Transcribing agency: OSt
150 ## - HEADING--TOPICAL TERM
- Topical term or geographic name entry element: ကျားဖြူရှင်စေတီ
- Form subdivision: သမိုင်း
670 ## - SOURCE DATA FOUND
- Source citation: Work cat.: (OSt)16642: ပညောဘာသ၊ ဦး, ဖလားစောင်ဆေဖိတ်ခေါ်မိုးညှင်းမြို့ ကျားဖြူရှင်ဘုရားသမိုင်း /, ၁၉၈၃။